ポケモン初代で誕生したわざ - Statistics

General Stats
  • This quiz has been taken 367 times
  • The average score is 5 of 15
Answers on the Grid
Answers color-coded by a green-red scale on the quiz's grid according to % correct below.
えんまく
おうふくビンタ
いやなおと
だいばくはつ
かえんほうしゃ
きょじゅうざん
アクアステップ
カタストロフィ
かげぶんしん
あわ
くさわけ
オーバードライブ
かみなりパンチ
フェイント
はねやすめ
なげつける
しっぺがえし
きりさく
ふいうち
しんそく
けたぐり
こおりのつぶて
ゴッドバード
クラブハンマー
にぎりつぶす
スプーンまげ
シャドーダイブ
ソーラービーム
タマゴうみ
ソニックブーム
 
Answer Stats
Answer % Correct
かえんほうしゃ
52%
あわ
51%
きりさく
48%
ソーラービーム
39%
おうふくビンタ
38%
かみなりパンチ
38%
スプーンまげ
38%
いやなおと
35%
かげぶんしん
35%
クラブハンマー
32%
タマゴうみ
30%
けたぐり
29%
えんまく
25%
ソニックブーム
22%
ゴッドバード
20%
No matching quizzes found
Score Distribution
Percent of People with Each Score
Percentile by Number Answered
Your Score History
You have not taken this quiz